Statistiques concernant Culture Générale - Série 2492

Cliquez ici pour prendre le quiz!

Statistiques générales

  • Ce quiz a été pris 119 fois
  • Le résultat moyen est 3 sur 10

Statistiques - réponses

QuestionRéponse% Correct
Quel est le plus grand désert du monde ?Sahara
96%
Comment appelle-t-on également la Biélorussie ?Bélarus
63%
On l'appelle couramment blé noir lorsqu'il est transformé en farinesarrasin
57%
Stock accumulé en cas de nécessité ou forme de pudeurréserve
39%
Dans quel département se trouve la ville d'Etel ?Morbihan
23%
Qui a un caractère épique, spectaculaire - 9 lettres commençant par " h "homérique
18%
Il est appelé aussi "chipiron" - 8 lettres finissant pat " t "encornet
11%
De quelle île Houmt Souk est-elle la ville principale ?Djerba
10%
En architecture, c'est une paroi ajourée - voir photoclaustra
7%
Technique de traction à chaîne pour les péniches sans moteur, utilisée pendant une centaine d'années à partir de 1839 et jusqu'aux années 1950touage
5%

Distribution des résultats

Percentile par nombre de réponses

% des personnes avec chaque résultat

Votre développement - résultats

Vous n’avez pas pris ce quiz